Statistics for Premier League 2020/21

Click here to take the quiz!

General Stats

  • This quiz has been taken 5 times
  • The average score is 41 of 80

Answer Stats

QuestionTileSelect?% Correct
Leicester City (vs West Bromwich Albion)11. Marc Albrighton
100%
Newcastle United (vs West Ham)17. Emil Krafth
100%
Everton (vs Tottenham Hotspur)26. Tom Davies
100%
Everton (vs Tottenham Hotspur)22. Ben Godfrey
100%
Everton (vs Tottenham Hotspur)20. Bernard
100%
Chelsea (vs Brighton & Hove Albion)10. Christian Pulisic
100%
Arsenal (vs Fulham)32. Emile Smith Rowe
100%
Chelsea (vs Brighton & Hove Albion)20. Callum Hudson-Odoi
100%
Leicester City (vs West Bromwich Albion)7. Demarai Gray
100%
Chelsea (vs Brighton & Hove Albion)22. Hakim Ziyech
75%
Newcastle United (vs West Ham)21. Ryan Fraser
75%
Newcastle United (vs West Ham)1. Martin Dubravka
75%
Everton (vs Tottenham Hotspur)10. Gylfi Sigurdsson
75%
Arsenal (vs Fulham)19. Nicholas Pepe
75%
Arsenal (vs Fulham)7.Bukayo Saka
75%
Arsenal (vs Fulham)23. David Luiz
75%
Chelsea (vs Brighton & Hove Albion)9. Tammy Abraham
75%
Everton (vs Tottenham Hotspur)17. Alex Iwobi
75%
Leicester City (vs West Bromwich Albion)6. Jonny Evans
50%
Everton (vs Tottenham Hotspur)6. Allan
50%
Everton (vs Tottenham Hotspur)13. Yerry Mina
50%
Leicester City (vs West Bromwich Albion)4. Caglar Soyuncu
50%
Everton (vs Tottenham Hotspur)9. Dominic Calvert-Lewin
50%
Everton (vs Tottenham Hotspur)1. Jordan Pickford
50%
Leicester City (vs West Bromwich Albion)9. Jamie Vardy
50%
Chelsea (vs Brighton & Hove Albion)24. Reece James
50%
Everton (vs Tottenham Hotspur)19. James Rodriguez
50%
Everton (vs Tottenham Hotspur)21. Andre Gomes
50%
Everton (vs Tottenham Hotspur)12. Lucas Digne
50%
Leicester City (vs West Bromwich Albion)8. Youri Tielemans
50%
Everton (vs Tottenham Hotspur)5. Michael Keane
50%
Chelsea (vs Brighton & Hove Albion)4. Andreas Christensen
50%
Chelsea (vs Brighton & Hove Albion)19. Mason Mount
50%
Chelsea (vs Brighton & Hove Albion)1. Kepa Arrizabalaga
50%
Chelsea (vs Brighton & Hove Albion)29. Kai Havertz
50%
Chelsea (vs Brighton & Hove Albion)15. Kurt Zouma
50%
Chelsea (vs Brighton & Hove Albion)11. Timo Werner
50%
Chelsea (vs Brighton & Hove Albion)7. N'Golo Kante
50%
Chelsea (vs Brighton & Hove Albion)6. Thiago Silva
50%
Everton (vs Tottenham Hotspur)7. Richarlison
50%
Leicester City (vs West Bromwich Albion)15. Harvey Barnes
50%
Leicester City (vs West Bromwich Albion)1. Kasper Schmeichel
50%
Arsenal (vs Fulham)2. Hector Bellerin
50%
Arsenal (vs Fulham)1. Bernd Leno
50%
Arsenal (vs Fulham)12. Willian
50%
Newcastle United (vs West Ham)9. Joelinton
50%
Newcastle United (vs West Ham)10. Alan Saint-Maximin
50%
Arsenal (vs Fulham)8. Dani Ceballos
50%
Arsenal (vs Fulham)14. Pierre-Emerick Aubameyang
50%
Arsenal (vs Fulham)9. Alexandre Lacazette
50%
Arsenal (vs Fulham)6. Gabriel
50%
Newcastle United (vs West Ham)13. Callum Wilson
50%
Arsenal (vs Fulham)3. Kieran Tierney
50%
Newcastle United (vs West Ham)6. Jamaal Lascelles
50%
Leicester City (vs West Bromwich Albion)10. James Maddison
50%
Leicester City (vs West Bromwich Albion)27. Timothy Castagne
50%
Newcastle United (vs West Ham)8. Jonjo Shelvey
50%
Newcastle United (vs West Ham)18. Federico Fernandez
50%
Newcastle United (vs West Ham)24. Miguel Almiron
50%
Leicester City (vs West Bromwich Albion)21. Ricardo Pereira
50%
Newcastle United (vs West Ham)19. Javier Manquillo
50%
Chelsea (vs Brighton & Hove Albion)5. Jorginho
25%
Newcastle United (vs West Ham)26. Karl Darlow
25%
Newcastle United (vs West Ham)15. Jamal Lewis
25%
Chelsea (vs Brighton & Hove Albion)3. Marcos Alonso
25%
Newcastle United (vs West Ham)14. Isaac Hayden
25%
Newcastle United (vs West Ham)16. Jeff Hendrick
25%
Arsenal (vs Fulham)16. Rob Holding
25%
Newcastle United (vs West Ham)7. Andy Carroll
25%
Arsenal (vs Fulham)34. Granit Xhaka
25%
Everton (vs Tottenham Hotspur)23. Seamus Coleman
25%
Everton (vs Tottenham Hotspur)16. Abdoulaye Doucoure
25%
Leicester City (vs West Bromwich Albion)2. James Justin
25%
Leicester City (vs West Bromwich Albion)17. Ayoze Perez
25%
Leicester City (vs West Bromwich Albion)24. Nampalys Mendy
25%
Leicester City (vs West Bromwich Albion)25. Wilfred Ndidi
25%
Arsenal (vs Fulham)25. Mohamed Elneny
0%
Chelsea (vs Brighton & Hove Albion)12. Ruben Loftus-Cheek
0%
Leicester City (vs West Bromwich Albion)26. Dennis Praet
0%
Arsenal (vs Fulham)15. Ainsley Maitland-Niles
0%

Score Distribution

Percentile by Number Answered

Percent of People with Each Score

Your Score History

You have not taken this quiz